| 000 | 00450nam a22001697a 4500 | ||
|---|---|---|---|
| 003 | CEME | ||
| 005 | 20210628202238.0 | ||
| 008 | 210301b xxu||||| |||| 00| 0 eng d | ||
| 020 | _a81-219-0009-3 | ||
| 040 | _c. | ||
| 082 | _a428.2 WRE | ||
| 100 |
_aWren, P.C Martin, H _958981 |
||
| 245 | _aHigh school english grammer and composition | ||
| 260 |
_bCHAND & COMPANY _c2002 |
||
| 650 |
_aENGLISH GRAMMER AND COMPOSITION _958982 |
||
| 942 |
_cBK _2ddc |
||
| 999 |
_c569043 _d569043 |
||